[Event "Mykolaiv IM Feb 2021"]
[Site "Mykolaiv"]
[Date "2021.02.27"]
[Round "1.1"]
[White "Bondar, Dmytro"]
[Black "Kozak, Leonid"]
[Result "1-0"]
[WhiteElo "2254"]
[BlackElo "2244"]
[Annotator "TA"]
[PlyCount "73"]
[EventDate "2021.02.25"]
[EventType "tourn"]
[EventCountry "UKR"]
[SourceTitle "playchess.com"]
[Source "ChessBase"]
[SourceQuality "1"]

{[%evp 28,73,41,0,10,-6,-2,-7,0,0,0,0,101,102,138,131,141,127,91,60,70,65,66,65,153,100,87,53,90,51,59,0,0,0,0,-51,2,0,61,46,145,143,245,231,232,162,524,534]} 1. e4 e5 2. Nf3 Nc6 3. Bb5 a6 4. Ba4 Nf6 5. O-O Be7 6. Re1 b5 7. Bb3 d6 8. c3 O-O 9. h3 Nb8 10. d4 Nbd7 11. Nbd2 Bb7 12. Bc2 Re8 13. Nf1 Bf8 14. Ng3 g6 15. Nh2 d5 {C95: Closed Ruy Lopez: Breyer Variation with 10 d4.} 16. Bg5 h6 17. Bxf6 {[#]} Nxf6 $146 {The position is equal.} ({Predecessor:} 17... Qxf6 18. Ng4 Qg7 19. dxe5 Nxe5 20. exd5 Nxg4 21. Qxg4 Bxd5 22. Qd7 Rxe1+ 23. Rxe1 Bd6 24. a4 f5 25. Re8+ Kh7 26. Bxf5 gxf5 27. Qxf5+ Qg6 28. Qd7+ Qg7 29. Qf5+ {½-½ (29) Garcia Acosta,R (2025)-Serra Pages,J (2260) Barcelona 2016}) 18. dxe5 Rxe5 {[%cal Rd5e4]} 19. Nf3 Re8 (19... Re6 $11) 20. e5 $16 Nh7 21. e6 f5 22. h4 h5 23. Nd4 {And now Ngxf5! would win.} Qxh4 24. Ndxf5 gxf5 25. Nxf5 Qg4 {[#]} (25... Qg5 $14) 26. Qd3 $1 {[%mdl 1024] Threatening mate with Nh6+! White has strong compensation.} Nf6 {aiming for ...Ne4.} 27. Re3 {Strongly threatening Rg3.} h4 {...Ne4 is the strong threat.} ({Wrong is} 27... Ne4 $2 {[#]} 28. Rg3 $1 $18 {[%mdl 512]}) 28. e7 Bg7 29. f3 (29. Rae1 $1 $14) 29... Qc4 30. Qd2 $1 Qf4 31. Qf2 ({Better is} 31. Qd3 $11 Qc4 32. Qd2) 31... Bc8 (31... Nh5 $1 $15 32. Nxg7 Kxg7) 32. Nxh4 $11 Bh6 (32... Qd6 $11) 33. Re2 $1 $14 Ne4 34. fxe4 $16 Rxe7 (34... Qxf2+ $16 {was worth a try.} 35. Kxf2 (35. Rxf2 Be3 $14) 35... Rxe7) 35. Qxf4 $18 Bxf4 36. Bb3 c6 (36... Kg7 {is a better chance.}) 37. Ng6 {[%mdl 64] Double Attack.  Weighted Error Value: White=0.15/Black=0.50} 1-0

[Event "Mykolaiv IM Feb 2021"]
[Site "Mykolaiv"]
[Date "2021.02.27"]
[Round "1.2"]
[White "Okhotnik, Vladimir"]
[Black "Kushko, Dmitriy"]
[Result "1/2-1/2"]
[WhiteElo "2350"]
[BlackElo "2285"]
[Annotator "TA"]
[PlyCount "47"]
[EventDate "2021.02.25"]
[EventType "tourn"]
[EventCountry "UKR"]
[SourceTitle "playchess.com"]
[Source "ChessBase"]
[SourceQuality "1"]

{[%evp 15,47,17,32,28,32,10,12,0,0,-11,0,-25,22,0,-4,-25,-25,-26,-20,-25,-24,-36,-12,-14,-14,-20,-16,-20,-14,-22,-3,-7,-3,-25]} 1. e4 d6 2. d4 Nf6 3. Nc3 g6 4. Nf3 Bg7 5. Be2 O-O 6. O-O c6 7. Re1 Nbd7 8. Bf4 Qa5 9. Qd2 {B08: Pirc Defence: Classical System.} e5 10. dxe5 dxe5 11. Bh6 Re8 {[#]} 12. Bc4 $146 ({Predecessor:} 12. a3 Nf8 13. Rad1 Bg4 14. Be3 Rad8 15. Qc1 Ne6 16. Rxd8 Rxd8 17. Nd2 Nd4 18. Nb3 {½-½ (32) Sandor,M (1937)-Diviak,R (1986) Slovakia 2018}) 12... Qb4 13. Bb3 Nc5 14. Bxg7 Kxg7 15. Qe3 Bg4 16. a3 Qb6 17. Bc4 Bxf3 ({Wrong is} 17... Qxb2 $2 18. Reb1 $18) 18. Qxf3 Ne6 ({But not} 18... Qxb2 $2 19. Reb1 $18) 19. Bxe6 {The position is equal.} Rxe6 20. Red1 Rd8 ({Don't go for} 20... Qxb2 $2 21. Rdb1 $18) 21. Na4 Rxd1+ 22. Rxd1 Qa5 23. Nc3 Qc7 24. Rd3 {An uneventful encounter.  Weighted Error Value: White=0.07/Black=0.09} 1/2-1/2

[Event "Mykolaiv IM Feb 2021"]
[Site "Mykolaiv"]
[Date "2021.02.27"]
[Round "1.3"]
[White "Gavrish, Leonid"]
[Black "Boricsev, Oleg"]
[Result "1/2-1/2"]
[WhiteElo "2085"]
[BlackElo "2234"]
[Annotator "TA"]
[PlyCount "71"]
[EventDate "2021.02.25"]
[EventType "tourn"]
[EventCountry "UKR"]
[SourceTitle "playchess.com"]
[Source "ChessBase"]
[SourceQuality "1"]

{[%evp 22,71,69,43,41,16,45,45,41,39,50,52,57,43,52,0,0,6,129,146,155,128,200,199,197,149,161,89,103,83,79,79,79,79,79,79,79,79,79,19,156,156,156,156,156,156,156,156,149,0,156,79]} 1. d4 Nf6 2. c4 e5 3. dxe5 Ng4 4. Bf4 Nc6 5. Nf3 Bb4+ 6. Nbd2 Qe7 7. e3 Ngxe5 8. Nxe5 Nxe5 9. Be2 b6 10. O-O Bxd2 11. Qxd2 Bb7 12. Qc3 f6 {A52: Budapest Gambit.} 13. Rfd1 d6 {[#]} 14. b4 $146 ({Predecessor:} 14. Rac1 c5 15. Rd2 O-O 16. Rcd1 Rfd8 17. Qc2 Rd7 18. Qf5 g6 19. Qh3 Rad8 20. Bxe5 Qxe5 {½-½ (53) Linster,P (2205)-Schuh,D (2304) Pardubice 2009}) 14... a5 {White is slightly better.} 15. a3 axb4 16. axb4 O-O 17. Rac1 Ra2 18. c5 {Strongly threatening Bxe5.} Rxe2 19. Bxe5 {Qc4+ is the strong threat.} Kh8 {[#]} (19... Qe6 $11 20. Bg3 dxc5) 20. Qc4 $1 $16 {[%cal Re5d6] Threatens to win with Bxd6.} Rxf2 21. Kxf2 fxe5+ (21... Qxe5 $16 {was worth a try.} 22. cxd6 cxd6) 22. Kg1 $18 bxc5 23. bxc5 Qg5 {[%csl Gb7][%cal Rg5g2]} 24. Qe2 (24. c6 $1 $18 {[%cal Rc6b7]} Bc8 25. Rf1) 24... Be4 $16 25. cxd6 (25. Rf1 {looks sharper.} Rxf1+ 26. Rxf1 h6 27. cxd6 cxd6 28. Rf8+) 25... cxd6 {[#]} 26. Qf2 $1 $40 {[%cal Rf2f8][%mdl 128] White goes for the king.} Kg8 27. Qg3 Qxg3 28. hxg3 {[%mdl 4096] Endgame KRR-KRB} d5 29. Rc7 Rf7 30. Rdc1 (30. Rc8+ $16 Rf8 31. Rxf8+ Kxf8 32. Kf2) 30... Rxc7 (30... h5 $1 $11 {keeps the balance.}) 31. Rxc7 $11 {KR-KB} Kf8 {[#]} 32. g4 $1 g5 33. Kf2 Bg6 34. Rd7 Bf7 35. Rc7 (35. Rb7 $16) 35... Kg7 $2 {[#]} (35... Bg6 $1 $11) 36. Ra7 {Weighted Error Value: White=0.20/Black=0.34} (36. Rc6 $142 $1) 1/2-1/2

[Event "Mykolaiv IM Feb 2021"]
[Site "Mykolaiv"]
[Date "2021.02.27"]
[Round "1.4"]
[White "Vakulenko, Oleksandr"]
[Black "Sydoryka, Vladyslav"]
[Result "0-1"]
[WhiteElo "2256"]
[BlackElo "2331"]
[Annotator "TA"]
[PlyCount "108"]
[EventDate "2021.02.25"]
[EventType "tourn"]
[EventCountry "UKR"]
[SourceTitle "playchess.com"]
[Source "ChessBase"]
[SourceQuality "1"]

{[%evp 10,108,0,-5,0,0,0,0,0,20,0,10,13,12,1,0,31,24,30,30,27,34,34,25,81,79,80,78,77,77,75,73,69,72,75,39,45,54,52,45,32,15,35,10,44,36,34,21,28,27,92,89,88,54,67,91,98,98,77,76,129,38,37,8,8,11,25,10,10,0,0,0,0,0,0,0,0,0,20,20,204,191,181,-124,-140,-140,-99,-29,-26,-25,-25,-607,-525,-447,-260,-29982,-29983,-29987,-29988,-29998,-29999]} 1. d4 Nf6 2. c4 e6 3. Nc3 Bb4 4. f3 c5 5. d5 O-O 6. e4 b5 {E20: Nimzo-Indian: 4 g3 and 4 f3.} 7. Nh3 {now supersedes 7.e5.} bxc4 8. Bxc4 Nxd5 {The position is equal.} 9. Bxd5 exd5 10. Qxd5 Ba6 11. Bf4 (11. Qxa8 Bxc3+ 12. bxc3 Qh4+ 13. Kd1 Nc6 $15) 11... Nc6 12. Kf2 Qb6 {[#]} 13. a3 $146 (13. Qxd7 Rad8 $15) ({Predecessor:} 13. Rhd1 Nd4 14. Qd6 Ba5 15. Rab1 Bc4 16. Na4 Qb5 17. b3 Be6 18. Qxc5 Qe2+ 19. Kg3 Bxh3 20. Kxh3 {½-½ (100) Kobo,O (2460)-Pichot,A (2630) Chess.com INT 2021}) 13... Ba5 14. Na4 Qb5 15. Nxc5 {aiming for Kg3.} Ne7 16. Qd6 Bb6 17. b4 $16 Nc8 18. Qd2 d6 {[%mdl 64] [#] Pin} 19. a4 $1 Qc6 {[%mdl 64] [#] Pin} 20. a5 $1 Bxc5+ 21. bxc5 dxc5 22. Rac1 c4 23. Qb4 Re8 24. Rhd1 Ne7 25. Bd6 Ng6 26. Nf4 Rad8 27. Nxg6 hxg6 28. Qc5 Qd7 29. Bc7 Qxd1 30. Rxd1 Rxd1 31. Qxa7 Rd7 {Hoping for ...Rc8.} 32. Qb6 $1 {[%cal Rb6c6]} (32. Qxa6 $2 Rxc7 33. Qd6 Rec8 $19) 32... Re6 33. Qc5 Rd2+ 34. Kg3 Rc2 ({Better is} 34... Rd3) 35. Be5 (35. Qd5 $16) 35... c3 $14 36. Bxc3 {Black must now prevent Qd4.} Bf1 37. h4 Rf6 38. f4 Bxg2 39. Qd4 Kh7 40. Ba1 Ra2 $1 41. Bc3 Bh1 42. Kh3 {And now Qd5 would win.} Bg2+ 43. Kg4 {Qc4 is the strong threat.} Bf1 44. Qd5 Rg2+ $2 (44... Ra3 $1 $11 {and Black is okay.} 45. Qc5 (45. Bxf6 $2 Be2+ 46. Kg5 Rg3#) 45... Rb3) 45. Kf3 $18 Re6 46. a6 $2 {[#]} (46. Qd4 $1 $18 {[%csl Gc3][%cal Rd4g7]} f6 47. Qd7) 46... Rc2 $1 $17 {[%cal Rc2c3]} 47. a7 {[#]} (47. Qd4 f6 $15) 47... Bg2+ $1 ({Inferior is} 47... Rxc3+ 48. Kf2 $16) 48. Kg3 Rxe4 49. Qd3 ({Don't blunder} 49. a8=Q $2 Re3+ 50. Qf3 Bxf3 $19) 49... Ree2 {Threatens to win with ...Be4.} 50. h5 $2 {[%mdl 8192]} (50. f5 $11 Be4 51. fxg6+ Kxg6 52. Qa6+ f6 53. Kg4) 50... Be4 $19 {( -> ...Rg2+)} 51. hxg6+ Kxg6 (51... fxg6 $142 52. Qxe4 (52. Qd4 $2 {gets mated.} Rg2+ 53. Kh3 Rh2+ 54. Kg4 Rcg2#) 52... Rxc3+ 53. Kg4 Rxe4) 52. Qxe4+ (52. f5+ $19 Kg5 53. Qd8+ f6 54. Bxf6+ gxf6 55. Qg8+ Kxf5 56. Qh7+ Ke6 57. Qg8+ Kd7 58. Qg7+ Ke8 59. Qg8+ Ke7 60. Qg7+ Ke8 61. Qg8+ Ke7 62. Qg7+ Ke6 63. Qg8+ Ke7) 52... Rxe4 {Black mates.} 53. a8=Q Re3+ {[%mdl 64] Double Attack} 54. Kg4 f5+ {Weighted Error Value: White=0.45/Black=0.15} 0-1

[Event "Mykolaiv IM Feb 2021"]
[Site "Mykolaiv"]
[Date "2021.02.27"]
[Round "1.5"]
[White "Kocyigit, Buse Naz"]
[Black "Anwesh, Upadhyaya"]
[Result "1/2-1/2"]
[WhiteElo "2143"]
[BlackElo "2364"]
[Annotator "TA"]
[PlyCount "82"]
[EventDate "2021.02.25"]
[EventType "tourn"]
[EventCountry "UKR"]
[SourceTitle "playchess.com"]
[Source "ChessBase"]
[SourceQuality "1"]

{[%evp 18,82,0,0,0,0,0,0,0,0,0,0,0,-14,0,-6,0,0,0,0,0,0,0,0,0,-16,-11,-11,0,0,0,0,0,0,0,0,0,0,0,0,0,0,0,0,0,0,0,0,0,0,0,0,0,0,0,0,0,0,0,0,0,0,0,0,0,0,0]} 1. Nf3 d5 2. d4 Nf6 3. c4 e6 4. Nc3 c6 5. e3 Nbd7 6. Qc2 Bd6 7. Be2 O-O 8. O-O dxc4 9. a4 e5 10. Bxc4 {The position is equal.} exd4 {D46: Semi-Slav: 5 e3 Nbd7 6 Bd3, Black avoids the Meran.} 11. exd4 Nb6 12. Bb3 Nbd5 13. Bg5 {[#]} Be7 $146 ({Predecessor:} 13... Be6 14. Nxd5 cxd5 15. Qd3 Be7 16. Ne5 Ne4 17. Bxe7 Qxe7 18. f3 Nd6 19. Rfe1 Rac8 20. a5 Qg5 21. Rad1 Rfd8 22. g3 Nc4 23. Bc2 g6 24. Nxc4 Rxc4 25. Bb3 {½-½ (25) Mamedyarov,S (2804)-Matlakov,M (2718) Wijk aan Zee 2018}) 14. Rfe1 Be6 15. Nxd5 cxd5 16. Rac1 Rc8 17. Qd3 Rxc1 18. Rxc1 Ne4 19. Bxe7 Qxe7 20. Qb5 Rd8 21. a5 h6 22. Rc2 Qd6 23. Ne5 ({Don't blunder} 23. Qxb7 $2 Rb8 $19) 23... a6 24. Qb6 ({Wrong is} 24. Qxb7 $2 Rb8 $19) 24... Qxb6 25. axb6 Rd6 26. Rc6 Kf8 27. f3 Rxc6 (27... bxc6 $2 {is the wrong capture.} 28. b7 $18) 28. Nxc6 $11 {[%mdl 4096] Endgame KBN-KBN} Nf6 29. Na5 Bc8 30. Kf2 Ke7 31. Ba4 Kd6 32. Ke3 g5 33. g3 Nh5 34. Be8 Ke7 35. Ba4 f5 36. Kf2 f4 37. g4 Ng7 38. Ke2 Ne6 39. Kd3 Nd8 40. Kc3 Nf7 41. Kb4 Kd6 $1 {An uneventful encounter.  Weighted Error Value: White=0.01/Black=0.01} 1/2-1/2

[Event "Mykolaiv IM Feb 2021"]
[Site "Mykolaiv"]
[Date "2021.02.28"]
[Round "2.1"]
[White "Kozak, Leonid"]
[Black "Anwesh, Upadhyaya"]
[Result "0-1"]
[WhiteElo "2244"]
[BlackElo "2364"]
[Annotator "TA"]
[PlyCount "82"]
[EventDate "2021.02.25"]
[EventType "tourn"]
[EventCountry "UKR"]
[SourceTitle "playchess.com"]
[Source "ChessBase"]
[SourceQuality "1"]

{[%evp 18,82,32,27,37,2,31,30,29,35,47,37,56,56,43,47,46,48,60,46,39,36,21,24,64,60,43,43,46,54,38,41,54,22,95,0,3,0,10,0,21,12,31,-17,-22,-102,-102,-88,-91,-123,-118,-150,-145,-190,-191,-186,-188,-183,-192,-184,-189,-190,-194,-219,-220,-204,-163]} 1. d4 Nf6 2. c4 c6 3. Nc3 d5 4. cxd5 cxd5 5. Bf4 a6 6. e3 Nc6 7. Bd3 Bg4 8. Nge2 e6 9. O-O Be7 10. Rc1 O-O {D10: Slav Defence: 3 cxd5 (without early Nf3) and 3 Nc3.} 11. Na4 Nd7 12. a3 Rc8 {White has an edge.} 13. b4 e5 14. dxe5 Ndxe5 {[#]} 15. Bxe5 $146 ({Predecessor:} 15. h3 Nxd3 16. Qxd3 Bxe2 17. Qxe2 d4 18. Rfd1 Re8 19. Qf3 Bf8 20. Nc5 Bxc5 21. Rxc5 {½-½ (72) Sargissian,G (2671)-Artemiev,V (2524) Khanty-Mansiysk 2013}) 15... Nxe5 16. Rxc8 Bxc8 17. Nac3 g6 18. Bb1 Nc4 19. Qc1 Be6 20. Rd1 Bd6 21. g3 Qg5 22. Nf4 {[%cal Rf4d5]} Nb6 {[#]} 23. Ne4 $1 {[%mdl 64] Pin} Qe7 {White must now prevent ...Bxf4.} (23... Qd8 24. Nxd6) 24. Nxd6 Qxd6 25. Ba2 Bg4 (25... Rc8 $1 $11 26. Qd2 Nc4 27. Bxc4 Rxc4) 26. Rd2 ({Better is} 26. Rd4 $1 $16) 26... Rc8 $11 27. Rc2 Rd8 28. Rd2 Qe5 29. Nd3 Qe7 30. Qc5 Qf6 31. Qd4 (31. Ne5 $1 $11 {keeps the balance.} Rc8 32. Qd4) 31... Qxd4 $17 32. exd4 Nc4 33. Bxc4 dxc4 {[%mdl 4160] Endgame Discovered Attack. KRB-KRN} 34. Ne5 Be6 {Black is clearly better.} 35. d5 {[#]} c3 $1 36. Rc2 Rxd5 37. f4 f6 $1 {[%cal Rf6e5]} 38. Nf3 {[#]} Rd3 {[%cal Rd3f3]} 39. Ne1 {[#]} Bb3 $1 {[%cal Rb3c2][%mdl 512]} 40. Nxd3 (40. Rc1 Rd1) 40... Bxc2 41. Nc1 Bd1 {Weighted Error Value: White=0.19/Black=0.11} 0-1

[Event "Mykolaiv IM Feb 2021"]
[Site "Mykolaiv"]
[Date "2021.02.28"]
[Round "2.2"]
[White "Sydoryka, Vladyslav"]
[Black "Kocyigit, Buse Naz"]
[Result "1-0"]
[WhiteElo "2331"]
[BlackElo "2143"]
[Annotator "TA"]
[PlyCount "73"]
[EventDate "2021.02.25"]
[EventType "tourn"]
[EventCountry "UKR"]
[SourceTitle "playchess.com"]
[Source "ChessBase"]
[SourceQuality "1"]

{[%evp 12,73,29,14,10,11,10,0,25,-23,-31,-22,0,-64,-49,-37,-8,-3,19,-32,0,0,8,2,104,93,124,114,248,236,218,245,248,245,252,240,246,226,404,385,395,391,519,516,778,770,786,771,940,918,29947,5302,1069,1036,29984,29985,29985,29986,29987,29985,29985,29985,29987,29988]} 1. c4 Nf6 2. g3 g6 3. Bg2 Bg7 4. Nc3 O-O 5. d3 d6 6. Rb1 a5 {6...a5 is better than 6...e5.} 7. a3 c6 {A16: English Opening: 1...Nf6 with ...d5.} 8. e4 e5 9. Nge2 Be6 {[#] The position is equal.} 10. f4 $146 ({Predecessor:} 10. O-O Na6 11. b3 Qd7 12. Re1 Bh3 13. Bh1 Ng4 14. Bg2 Bxg2 15. Kxg2 f5 16. f3 Nf6 17. Bg5 Nh5 18. Qd2 {½-½ (38) Kelly,B (2451)-Hebden,M (2515) West Bromwich 2002}) 10... Na6 11. h3 Qb6 12. Qd2 (12. g4 $11) 12... exf4 13. gxf4 d5 14. cxd5 cxd5 {With the idea ...d4.} 15. e5 (15. f5 $11 gxf5 16. exd5) 15... Nh5 (15... d4 $5 {[%cal Rd4c3]} 16. Na4 (16. exf6 dxc3 17. Qxc3 Ba2 $17) 16... Qb3 17. exf6 Bxf6 $15) 16. Qe3 Qd8 17. O-O Qd7 (17... Nb8 $11 {keeps the balance.}) 18. Nd4 $16 {Threatens to win with f5!} Bh6 {[#]} 19. Qf3 $1 $36 {[%mdl 2048] And now f5 would win. White is in control.} Rad8 {This costs Black the game.} (19... Ng7 $16 {is a better defense.}) 20. f5 $18 Bxc1 21. Rbxc1 ({Resist} 21. Rfxc1 $6 Bxf5 22. Nxf5 (22. Nxd5 Bxh3 23. Qxh5 {[%mdl 64] Remove Defender} gxh5 $15) 22... Qxf5 $16) 21... Bxf5 22. Nxf5 Qxf5 23. Qxf5 gxf5 24. Nxd5 ({Don't take} 24. Rxf5 $6 Ng7 $16) 24... Ng3 $2 (24... Kh8 {was necessary.} 25. Rc4 (25. Rxf5 Ng7 $18) 25... f4 26. Nxf4 Nxf4) 25. Rf2 Kh8 26. Kh2 Rg8 27. Nf6 {[%mdl 64] [#] Discovered Attack} Rg7 (27... Rg5 $142 28. Bxb7 Nb8) 28. Bxb7 Nb8 29. Rfc2 Nd7 30. Rc8 Nxf6 31. exf6 Rgg8 32. Rxd8 {[%mdl 64] Overworked Piece} Rxd8 33. Kxg3 {White mates.} Rxd3+ 34. Kf4 h6 35. Bc8 Rd4+ 36. Kxf5 Kh7 37. Ke5 {Weighted Error Value: White=0.11/Black=0.74} 1-0

[Event "Mykolaiv IM Feb 2021"]
[Site "Mykolaiv"]
[Date "2021.02.28"]
[Round "2.3"]
[White "Boricsev, Oleg"]
[Black "Vakulenko, Oleksandr"]
[Result "0-1"]
[WhiteElo "2234"]
[BlackElo "2256"]
[Annotator "TA"]
[PlyCount "28"]
[EventDate "2021.02.25"]
[EventType "tourn"]
[EventCountry "UKR"]
[SourceTitle "playchess.com"]
[Source "ChessBase"]
[SourceQuality "1"]

{[%evp 9,28,22,28,25,34,-114,-136,-129,-129,-134,11,-103,-46,-58,-55,-62,-43,-45,-25,-29995,-29996]} 1. e4 e5 2. Nf3 Nc6 3. Bc4 Nf6 4. d3 h6 5. O-O d6 6. Nc3 {C55: Two Knights: 4 d3, 4 d4 exd4 5 e5 and Max Lange Attack.} g5 {[#] 6...Na5 is becoming the main line.} 7. Bxg5 $146 (7. Be3 $14) ({Predecessor:} 7. Ne2 g4 8. Ne1 Be6 9. Bb3 Qd7 10. c3 O-O-O 11. Bxe6 Qxe6 12. b4 d5 13. Qc2 dxe4 14. dxe4 {0-1 (54) Muzychuk,A (2535)-Vaishali,R (2393) chess.com INT 2020}) 7... hxg5 $17 8. Nxg5 {Black is clearly better.} d5 9. exd5 Na5 (9... Nd4 $17 {...Ng4 is the strong threat.} 10. d6 Be6 11. dxc7 Qxc7) 10. Qe2 (10. Bb5+ $1 $11 c6 11. dxc6 bxc6 12. Qf3) 10... Ng4 ({Black should try} 10... Nxc4 $17 11. dxc4 Bd6) 11. Nf3 {Strongly threatening Bb5+.} Nxc4 12. dxc4 f6 13. h3 {[#]} Qe7 $1 14. hxg4 $2 {[%mdl 8192]} (14. c5 $11) (14. Rae1 Nh6) 14... Qh7 {[%csl Gh8][%cal Rh7h1] Weighted Error Value: White=1.33/Black=0.30} 0-1

[Event "Mykolaiv IM Feb 2021"]
[Site "Mykolaiv"]
[Date "2021.02.28"]
[Round "2.4"]
[White "Kushko, Dmitriy"]
[Black "Gavrish, Leonid"]
[Result "1-0"]
[WhiteElo "2285"]
[BlackElo "2085"]
[Annotator "TA"]
[PlyCount "85"]
[EventDate "2021.02.25"]
[EventType "tourn"]
[EventCountry "UKR"]
[SourceTitle "playchess.com"]
[Source "ChessBase"]
[SourceQuality "1"]

{[%evp 18,85,32,34,41,20,36,36,39,43,46,31,38,22,25,27,34,32,35,15,56,34,89,96,89,18,95,88,108,96,106,71,131,131,131,131,131,131,177,103,87,103,144,150,143,143,284,272,415,404,527,535,636,634,527,471,1695,1658,1443,618,2019,1708,1963,1826,2320,2085,2397,2108,3317,2583]} 1. Nf3 Nf6 2. g3 g6 3. Bg2 Bg7 4. c4 c5 5. O-O O-O 6. d4 cxd4 7. Nxd4 Nc6 8. Nc3 Ng4 {8...Qa5 is a critical line.} 9. e3 Nxd4 10. exd4 d6 {A39: Symmetrical English vs ...g6: 4 Bg2 Bg7 5 Nf3 Nf6 6 0-0 0-0 7 d4.} 11. Nd5 Nf6 12. Nxf6+ Bxf6 {White is slightly better.} 13. Be3 {[#]} Bd7 $146 ({Predecessor:} 13... Be6 14. d5 Bf5 15. Bd4 Bxd4 16. Qxd4 Qb6 17. Qc3 Rac8 18. Rfe1 e5 19. b4 Rc7 {1-0 (43) Ricardi,P (2540)-Tempone,M (2438) Buenos Aires 2003}) 14. Qd2 Rc8 15. Qe2 b6 16. Rac1 e6 17. Rfd1 Re8 18. b4 Ba4 19. Re1 Bc6 (19... d5 $14) 20. Bxc6 $16 Rxc6 21. a4 (21. c5 $16) 21... Rc8 (21... Bg5 $11) 22. c5 bxc5 23. dxc5 dxc5 24. Bxc5 Be7 (24... Qd7 $142) 25. Red1 Qc7 26. Be3 Qb7 27. b5 Qe4 {[#]} 28. Qa2 (28. Rxc8 $1 $18 Rxc8 29. Qb2) 28... h5 29. Qa1 $36 {[%mdl 2048] White is in control.} h4 {[#] Hoping for ...h3.} 30. Qd4 $1 ({Avoid the trap} 30. Bxa7 $2 h3 $19) 30... Qf3 {White must now prevent ...Rcd8.} 31. Qf4 ({And not} 31. gxh4 Rcd8 $17) ({Not} 31. Qxa7 $2 h3 $19) 31... Qb7 (31... Qe2 $16 {might work better.}) 32. gxh4 $18 Ba3 (32... Red8 $142 33. Rxc8 Rxc8) 33. Rxc8 Rxc8 34. h5 {White is clearly winning.} Qc7 35. Qxc7 Rxc7 36. hxg6 fxg6 {[%mdl 4096] Endgame KRB-KRB} (36... Kg7 $142 37. a5 Be7) 37. Rd8+ Kf7 38. Ra8 Kf6 39. Rxa7 Rc4 40. a5 {[%cal Ba4a5,Ba5a6][%mdl 32]} Bd6 41. Rd7 Rg4+ 42. Kf1 Bxh2 43. a6 {Weighted Error Value: White=0.13/Black=0.45} 1-0

[Event "Mykolaiv IM Feb 2021"]
[Site "Mykolaiv"]
[Date "2021.02.28"]
[Round "2.5"]
[White "Bondar, Dmytro"]
[Black "Okhotnik, Vladimir"]
[Result "0-1"]
[WhiteElo "2254"]
[BlackElo "2350"]
[Annotator "TA"]
[PlyCount "100"]
[EventDate "2021.02.25"]
[EventType "tourn"]
[EventCountry "UKR"]
[SourceTitle "playchess.com"]
[Source "ChessBase"]
[SourceQuality "1"]

{[%evp 9,100,40,79,56,67,73,70,70,80,71,102,13,15,-17,-15,-115,-128,-142,-137,-143,-132,-136,-135,-184,-178,-360,-366,-310,-141,-139,-142,-146,-141,-133,-140,-179,-171,-240,-167,-197,-141,-171,-115,-146,-119,-119,-119,-118,-100,-160,-164,-160,-168,-157,-150,-197,-199,-344,-331,-398,-394,-402,-404,-400,-363,-374,-373,-414,-422,-420,-385,-405,-395,-397,-419,-407,-407,-426,-319,-319,0,-471,-462,-481,-472,-507,-412,-531,-535,-524,-452,-1900,-1899]} 1. e4 g6 2. d4 Bg7 3. Nc3 c6 4. f4 d5 5. e5 Qb6 6. h3 {B15: Caro-Kann: 3 Nc3: 3...g6 and 3...dxe4 4 Nxe4 Nf6 5 Nxf6+ exf6.} h5 7. a3 Nh6 8. Be3 {[#] White is slightly better.} Nf5 $146 {[#]} (8... Qxb2 $2 9. Na4 $18) ({Predecessor:} 8... Bf5 9. b4 f6 10. Nf3 Nf7 11. Qd2 Nd7 12. Nh4 Nf8 13. Nxf5 gxf5 14. Bd3 e6 15. O-O fxe5 16. fxe5 {0-1 (38) Buchnicek,P (2205)-Stratil,L (2365) Czechia 1996}) 9. Bf2 h4 ({But not} 9... Qxb2 $2 10. Na4 $18) 10. Nf3 ({White should play} 10. Bd3 $16) 10... Bh6 $1 $11 ({Not} 10... Qxb2 $2 11. Na4 $18) 11. Qc1 {[#]} Bxf4 $1 {[%mdl 64] Deflection} 12. Qxf4 (12. Nxd5 $1 $11 {was the only way to keep the balance.} Bxc1 13. Nxb6 Bxb2 14. Nxa8 Bc3+ 15. Kd1 Bxa1 16. Kd2) 12... Qxb2 $17 {[%mdl 64] Double Attack} 13. Ra2 Qxc3+ 14. Kd1 Qa5 15. Bd3 {[%cal Rf3h4]} Na6 16. Nxh4 {[#]} Nb4 $1 {[%cal Rb4a2][%mdl 512]} 17. axb4 (17. Qd2 {was the only defense.} Nxh4 18. Qxb4 Qxb4 19. axb4) 17... Qxa2 $19 18. Rf1 Rxh4 19. Bxh4 $17 {[#]} Qa1+ $1 20. Kd2 Qxd4 21. Qxd4 Nxd4 22. c3 Ne6 23. g4 (23. Ra1 {was necessary.}) 23... Bd7 24. Bf2 Nf4 ({Better is} 24... a5 $19 {White must now prevent ...axb4.} 25. Ra1 a4) 25. Ra1 a6 (25... a5 $19 26. bxa5 Nxh3) 26. Be3 Nxd3 ({Don't play} 26... Nxh3 27. Rh1 $15) 27. Kxd3 {[%mdl 4096] Endgame KRB-KRB} O-O-O 28. Rg1 f5 29. Bg5 (29. exf6 $142 exf6 30. h4) 29... Rh8 30. Rg3 Rh7 31. Kd4 Kc7 32. Bf4 {With the idea e6+.} Be6 33. g5 (33. gxf5 $142 Bxf5 34. Bg5) 33... b6 $19 {[%cal Bb7b6,Bb6c5][%mdl 32]} 34. Ke3 c5 35. bxc5 bxc5 36. Kf2 Rh4 37. Rf3 Rh8 38. Kg3 Rb8 39. h4 Kc6 40. h5 gxh5 41. Kh4 Rb3 42. g6 d4 43. Bd2 Rb2 44. Bg5 Rb3 $2 (44... Rg2 $19 {Threatens to win with ...f4!} 45. cxd4 cxd4 46. Kxh5 Kd5) 45. Bxe7 $2 {[%mdl 8192]} (45. Bd2 $1 $11 {and White stays safe.} a5 46. Rg3) 45... Rxc3 46. Rf1 Rc2 47. g7 d3 48. Bg5 {intending Rxf5.} Kd5 {Black is clearly winning.} 49. Rxf5 d2 50. Rf8 (50. Rf1 $142 c4 51. Kxh5) 50... Rc4+ {Weighted Error Value: White=0.58/Black=0.22} 0-1